• 首页
  • 本馆介绍
  • 公告通知
  • 最新文献
  • 馆藏检索
  • 电子资源
  • 读者导购
  • 参考咨询
  • 我的图书馆
  • 登录
  • 详细信息显示
  • 放入我的书架
  • 预约/预借图书
  • 作者相关作品
  • 分类相关作品
  • 丛书相关作品
  • 出版社相关作品

书目信息

  • 表格格式
  • 工作单格式
  • 卡片格式
题名:
西方现代艺术欣赏
    
 
作者: 王昌建 编著
分册:  
出版信息: 北京   中国电力出版社  2007
页数: 246页
开本: 25cm
丛书名:
单 册:
中图分类: J051.956
科图分类:
主题词: 艺术--鉴赏--西方国家--现代 , 艺术
电子资源:
ISBN: 7-5083-4730-7
000 00760nam0 2200229 450
001 003282385
005 20070801171616.43
010    @a7-5083-4730-7@dCNY48.00
100    @a20060104d2007 em y0chiy0110 ea
101 0  @achi
102    @aCN@b110000
105    @aa z 000yy
200 1  @a西方现代艺术欣赏@9xi fang xian dai yi shu xin shang@f王昌建编著
210    @a北京@c中国电力出版社@d2007
215    @a246页@c图@d25cm
330    @a本书介绍了西方现代艺术的产生和发展状况,内容包括从印象派到后现代艺术中的众多西方先锋艺术流派和艺术家个体的艺术理念及作品。
606 0  @a艺术@x鉴赏@y西方国家@z现代
606 0  @a艺术
690    @aJ051.956@v4
701  0 @a王昌建@9wang chang jian@f(1962~)@4编著
801  0 @aCN@bNLC@c20070801
905    @a10447@dJ051.956@e215
    
    西方现代艺术欣赏/王昌建编著.-北京:中国电力出版社,2007
    246页:图;25cm
    
    
    ISBN 7-5083-4730-7:CNY48.00
    本书介绍了西方现代艺术的产生和发展状况,内容包括从印象派到后现代艺术中的众多西方先锋艺术流派和艺术家个体的艺术理念及作品。
●
相关链接 在E读中查询图书 在五车中查询图书 在当当中查询图书 在豆瓣中查询图书


正题名:西方现代艺术欣赏     索取号:J051.956/215         预约/预借

序号 登录号 条形码 馆藏地/架位号 状态 备注
1 0800202   208002025   第一样本阅览室/ [索取号:J051.956/215] 在馆    
2 0800203   208002034   第一借阅区/ [索取号:J051.956/215] 在馆    
3 0800204   208002043   第一借阅区/ [索取号:J051.956/215] 在馆    
4 0800205   208002052   第一借阅区/ [索取号:J051.956/215] 在馆    
5 0800206   208002061   第一借阅区/ [索取号:J051.956/215] 在馆    
6 0800207   208002070   第一借阅区/ [索取号:J051.956/215] 在馆    
7 0800208   208002089   第一借阅区/ [索取号:J051.956/215] 在馆    
8 0800209   208002098   密集书库-美术系/ [索取号:J051.956/215] 在馆    
9 0800210   208002105   密集书库-美术系/ [索取号:J051.956/215] 在馆    
10 0800211   208002114   密集书库-美术系/ [索取号:J051.956/215] 在馆    
唐山师范学院图书馆 欢迎您!
大连网信软件有限公司© 版权所有